[Event "Minimes"]
[Site "?"]
[Date "2007.??.??"]
[Round "5"]
[White "Berthelot Nathan"]
[Black "Lafuma Antoine"]
[Result "*"]
[WhiteElo "1628"]
[BlackElo "1680"]
[Annotator ",Michko"]
[Source ""]
[Remark ""]

1.e4 b6 {!?} {
 Cette partie oppose un "ancien" des championnats de Midi-Pyrénées et des
championnats de France, Antoine (ce qualificatif s'applique d'ailleurs
également à son ami Samy Rigal), à un "jeune loup" de la génération montante
(Lucas, Alexandre, Victor,Jory etc ) qui, si elle est arrivée plus tardivement
sur le circuit, commence à faire souffrir celle de ses prédecesseurs qui ne
s'entraîne plus beaucoup. Dans l'ouverture Antoine cherche donc rapidement à
sortir Nathan du" livre" pour faire parler sa relative expérience.}
2.d4 Bb7 3.Nc3 {et ça ne marche pas trop mal...} ( 3.Bd3 { est considéré comme plus souple avec comme suite possible par exemple}
e6 4.Nf3 Nf6 5.Qe2 c5 6.c3 {avec un avantage blanc stable.} )
e6 4.Nf3 ( 4.a3 c5 {!?} ) Bb4 5.Bd3 Nf6 6.Bg5 h6 7.Bxf6 Qxf6
8.O-O Bxc3 9.bxc3 O-O { les Noirs ont à peu près égalisé.} 10.c4
d6 11.Qd2 c5 12.d5 e5 13.Ne1 Qe7 ( 13...Nd7 ) 14.f4 Nd7 {?!}
( 14...exf4 15.Qxf4 Nd7 $15 {et la case forte noire en e5 ainsi que le mauvais fou blanc posent problème aux Blancs.}
16.Nf3 Rae8 ) 15.Qe3 f6 16.f5 {!} { l'avantage d'espace blanc commence à poser problème, la partie s'est retournée.}
Qf7 17.Rf3 $16 Rfd8 18.Rg3 Kh8 19.Be2 Rg8 20.Rh3 Nf8 21.Bh5 Qe7
22.Bg6 Ba6 23.Qe2 Bc8 24.Nf3 {?} ( 24.Rg3 ) Nxg6 25.fxg6 Bxh3
26.gxh3 Qd7 {%08DA} 27.Qd3 {!} {tendant un piège amusant!} Qxh3
{??} 28.Nxe5 {!} $18 { la pointe!} fxe5 ( 28...Qxd3 29.Nf7# )
29.Qxh3 Raf8 30.Rf1 *

[Event "Minimes"]
[Site "?"]
[Date "2007.??.??"]
[Round "6"]
[White "Muratet Lucas"]
[Black "Berthelot Nathan"]
[Result "1-0"]
[WhiteElo "1809"]
[BlackElo "1628"]
[Annotator ",Michko"]
[Source ""]
[Remark ""]

1.e4 d6 2.d4 Nf6 3.Nc3 g6 4.f4 {L'attaque autrichienne ( "de l'autre chienne"?!) contre la Pirc, une des variantes les plus ambitieuses.}
Bg7 5.Nf3 O-O 6.Bd3 Na6 7.h3 c5 8.d5 Nc7 {
 On a obtenu une sorte de position "Benoni" ou les plans réciproques sont
relativement clairs:  - Les Noirs veulent prendre de l'espace à l'aile dame
dans le but affiché de valoriser leur fou g7 et , plus sournoisement, de
chasser les défenseurs du pion e4.Ca peut s'accompagner le cas échéant de
l'ouverture du centre par e7-e6 et l'utilisation de la colonne "e".  -Les
Blancs veulent profiter de leur avantage d'espace pour monter une attaque sur
l'aile roi grâce eventuellement à une poussée e4-e5 et/ou f4-f5.}
9.a4 e6 10.dxe6 fxe6 11.Be3 b6 ( 11...Nh5 {semble poser plus de questions : Pion f4, case g3?}
) 12.O-O Bb7 13.f5 d5 {?} ( 13...exf5 14.exf5 gxf5 15.Bxf5 Nfd5
{!} {et les Noirs repoussent l'attaque.} ) 14.e5 {!} {Surpris par le cours des évenements, Nathan craque}
{%08DA} Ne4 {?} ( 14...d4 {semble le seul coup pour rester dans la partie.}
15.exf6 Bxf6 16.fxg6 hxg6 $14 17.Bh6 dxc3 18.Bxf8 cxb2 19.Rb1
Qxf8 { et les Noirs ont encore des atouts.} ) 15.f6 {Le clou du cercueil.}
Bh8 16.Bh6 Rf7 17.Bxe4 dxe4 18.Ng5 Bd5 19.Nxf7 Kxf7 20.Qg4 Bc6
21.Rad1 Bd5 { panique...} 22.Nxe4 1-0

[Event "Linares-Morelia"]
[Site "Morelia"]
[Date "2007.02.23"]
[Round "5"]
[White "Aronian, Levon"]
[Black "Anand, Viswanathan"]
[Result "1-0"]
[WhiteElo "2744"]
[BlackElo "2779"]
[Annotator ""]
[Source ""]
[Remark ""]

{Au tournoi de Morelia Linares en février et mars 2007, on a assisté me
semble-t-il a une partie d'anthologie. Il s'agit de la partie Aronian-Anand de
la ronde 4. Je n'aurai pas le ridicule de prétendre faire une analyse.
Simplement faire quelques réflexions que m'inspire cette splendide partie
vraiment esthétique. Le point  de vue d'un amateur amoureux de beaux échecs.} 1.d4
d5 2.c4 c6 3.Nf3 Nf6 4.Qc2 dxc4 5.Qxc4 Bf5 6.g3 Nbd7 7.Nc3 e6
8.Bg2 Be7 9.O-O O-O 10.Re1 Ne4 11.Qb3 Qb6 12.Nh4 {
 Un coup qui parait aberrant au joueur moyen. En effet, sur la prise du
cavalier par le fou, les blancs auront leur roque affaibli et deux pions
doublés. Mais ici, nous sommes dans le registre des échecs de haut niveau, et
ces considérations ne semblent pas arrêtrer Aronian. D'ailleurs, les programmes
comme Fritz et shredder n'échangent pas le fou noir contre le cavalier blanc.}
Bxh4 13.gxh4 Nef6 14.e4 Bg6 15.Qxb6 axb6 16.Bf4 Rfe8 17.Rad1
b5 18.Bd6 e5 19.d5 Nh5 20.Bf1 {
 Encore un coup incompréhensible pour le petit joueur que je suis. J'aurais
placé le fou en a3 où il a manifestement plus d'activité.} f6
21.b3 Nf4 22.a4 bxa4 23.bxa4 {
 Ca y est, j'ai compris, maintenant, le fou qui semble enterré en f1 a une
belle diagonale. De plus il tient en respect le cavalier noir en f4 en lui
interdisant les cases d3 et h3. Oui, Aronian avait un plan! On s'en serait
douté! Un plan , voilà ce qui manque à beaucoup de joueurs....}
Bf7 24.Rb1 Ra7 25.Red1 Rc8 26.Ne2 Nxe2+ 27.Bxe2 cxd5 28.exd5
Nf8 29.Bb5 Raa8 30.Be7 Ng6 31.d6 Nxe7 32.Bd7 {
 Alors là, je pense que la grande majorité des joueurs, même parmi les plus
forts auraient pris le cavalier. Mais non, Aronian se contente  simplement de
gagner la qualité pour une pièce ! D'ailleurs, les programmes Fritz et Shredder
jouent : 32.dxe7. Aucun n'envisage le coup joué par Aronian.}
Nc6 33.Rxb7 Nd4 34.Bxc8 Rxc8 35.Rdb1 Rf8 36.Rb8 Be8 37.a5 {Deux pions passés qui avancent, voilà le résultat des manoeuvres de l'arménien !}
Nf3+ 38.Kf1 {
 En jouant le roi en f1 Aronian n'a évidemment pas oublié la fourchette du
cavalier. Tout pousseur de bois qui se respecte aurait joué 38.Kg2...}
Nd2+ 39.Ke1 Nxb1 {%08DA} 40.a6 {
 Une case de plus en avant pour le pion "a" vaut largement le cavalier. Aronian
ne perd pas un temps à récupérer ce canasson de toute façon  hors-jeu. Epoustouflant!}
Bc6 41.a7 Kf7 {%08DA} 42.d7 {Et voilà la clé de toute la suite commencée 6 coups plus tôt! Ce pion passé brise la défense des noirs.}
Ke7 43.Rxf8 Kxd7 44.a8Q Bxa8 45.Rxa8 h5 46.Ra7+ Ke6 47.Rxg7 Kf5
48.Rg3 {Ironie de tout la partie, le cavalier noir en b1 qui n'avait pas été repris au
40 ème coup va succomber car  il n'a aucune case de fuite. Le roi blanc , par d1 et c1 va le gober!}
{%08DA} {Une partie fantastique!} 1-0

[Event "Gibtelecom Masters"]
[Site "Catalan Bay ENG"]
[Date "2007.01.29"]
[Round "6"]
[White "Heinis,V"]
[Black "Meenakshi,S1"]
[Result "1-0"]
[WhiteElo "2156"]
[BlackElo "2293"]
[Annotator ""]
[Source ""]
[Remark ""]

1.d4 d5 2.c4 dxc4 3.Nf3 Nf6 4.e3 e6 5.Bxc4 c5 6.O-O a6 7.Bb3
b5 8.a4 b4 9.Nbd2 Nbd7 10.e4 Bb7 11.d5 e5 12.Nc4 Qb8 13.d6 Nxe4
14.Nfxe5 Nxe5 15.Nxe5 Qxd6 16.Qh5 g6 17.Bxf7+ Ke7 18.Bg5+ Nxg5
19.Qxg5+ Qf6 20.Qe3 Kd8 21.Rfd1+ Kc8 {%08DA} 22.Qh3+ Kc7 23.Rd7+
{%08DA} Kb8 ( 23...Kb6 24.Bd5 Bxd5 25.a5+ Kb5 26.Qd3+ c4 27.Qxd5+
Bc5 28.Qxc4# ) 24.Rxb7+ Kxb7 25.Qd7+ {Ici les noirs abandonnent. La suite était:}
Kb8 26.Nc6+ 1-0

[Event "5th Gibraltar Chess Festival"]
[Site "Catalan Bay ENG"]
[Date "2007.02.01"]
[Round "9"]
[White "E Paehtz"]
[Black "V Heinis"]
[Result "0-1"]
[WhiteElo "2451"]
[BlackElo "2156"]
[Annotator ""]
[Source ""]
[Remark ""]

1.e4 e6 2.d4 d5 3.Nd2 Nf6 4.e5 Nfd7 5.f4 c5 6.Ne2 Nc6 7.Nf3 Qb6
8.c3 Be7 9.a3 a5 10.f5 cxd4 11.cxd4 exf5 12.Nc3 a4 13.Nxd5 Qa5+
14.Nc3 O-O 15.Bd2 Nxd4 16.Nxd4 Qxe5+ 17.Nde2 Nc5 18.Qc2 g5 19.g3
Rd8 20.O-O-O Be6 21.Bh3 Nd3+ 22.Kb1 Bb3 23.Rhf1 Bxc2+ 24.Kxc2
g4 25.Bg2 Rac8 26.Kb1 b5 27.Nf4 Nxb2 28.Rde1 Qd4 29.Bc1 Rxc3
30.Rxe7 Nc4 0-1

[Event "Gibtelecom Masters"]
[Site "Catalan Bay ENG"]
[Date "2007.01.30"]
[Round "7"]
[White "Bradford,J"]
[Black "Heinis,V"]
[Result "0-1"]
[WhiteElo "2453"]
[BlackElo "2156"]
[Annotator ""]
[Source ""]
[Remark ""]

1.Nf3 Nf6 2.c4 g6 3.g3 Bg7 4.Bg2 O-O 5.d4 d6 6.Nc3 Nc6 7.O-O
a6 8.d5 Na5 9.Nd2 c5 10.Qc2 Rb8 11.b3 b5 12.Bb2 bxc4 13.bxc4
Bh6 14.f4 Ng4 15.Nd1 e5 16.Bc3 exf4 17.gxf4 f5 18.h3 Nf6 19.e3
Bd7 20.Rb1 Rxb1 21.Qxb1 Ne4 22.Nxe4 fxe4 23.Nb2 Bg7 24.Bxg7 Kxg7
25.Qxe4 Qf6 26.Qc2 Rb8 27.Rf2 Rb4 28.Bf1 h5 29.Kh2 Kh6 30.Qd2
Bf5 31.a3 Rb3 32.Bg2 Qh4 33.Re2 Rxa3 34.Qc1 Nb3 35.Qf1 Ra1 36.Qf3
a5 37.e4 Nd4 38.Qf2 Qxf2 39.Rxf2 Bd7 40.Nd3 Rd1 41.Bf1 a4 42.Kg2
Nb3 43.e5 a3 44.h4 Nd2 45.Be2 a2 0-1

[Event "Gibtelecom Masters"]
[Site "Catalan Bay ENG"]
[Date "2007.01.31"]
[Round "8"]
[White "Heinis,V"]
[Black "Pavlovic,Milo"]
[Result "0-1"]
[WhiteElo "2156"]
[BlackElo "2521"]
[Annotator ""]
[Source ""]
[Remark ""]

1.d4 g6 2.c4 Bg7 3.Nc3 d6 4.e4 Nf6 5.h3 O-O 6.Be3 Nbd7 7.Bd3
c6 8.f4 e5 9.fxe5 dxe5 10.d5 Nh5 11.Nge2 f5 12.exf5 gxf5 13.Qd2
e4 14.Bg5 Qb6 15.Bc2 Qxb2 16.Rb1 Qa3 17.O-O Ne5 18.Bb3 Qc5+ 19.Qe3
Qxe3+ 20.Bxe3 Kh8 21.g4 Nf3+ 22.Kh1 fxg4 23.Nxe4 Re8 24.hxg4
Rxe4 0-1

[Event "Coupe de France - Muret/Colomiers"]
[Site "?"]
[Date "2006.12.17"]
[Round "2"]
[White "Genestous, Patrick"]
[Black "Hervet, Gilles"]
[Result "1-0"]
[WhiteElo "2190"]
[BlackElo "2100"]
[Annotator ""]
[Source ""]
[Remark ""]

1.d4 Nf6 2.Bg5 Ne4 3.Bf4 c5 4.f3 Qa5+ 5.c3 Nf6 6.d5 Qb6 7.b3
e6 8.e4 exd5 9.exd5 Bd6 10.Bg5 Be7 11.Be3 Qd6 12.Bc4 Qe5 13.Kf2
b5 14.Bxb5 Nxd5 15.Bd2 O-O 16.Qe2 Qxe2+ 17.Nxe2 Bb7 18.Na3 Nc6
19.Rad1 Rad8 20.Bf4 Nxf4 21.Nxf4 a6 22.Ba4 Rfe8 23.Nc4 f6 24.Rhe1
Ne5 25.Nxe5 fxe5 26.Nd5 Bf8 {%00þ)Position activée@Default Complétées10313}
27.Bxd7 Rxd7 28.Nf6+ gxf6 {%08DA} 29.Rxd7 {La combinette des blancs commencée par: 27.Bxd7 est assez osée , elle donne un avantage aux noirs!}
Re7 30.Rd8 Kf7 31.g3 Bh6 ( 31...f5 32.Red1 Bg7 {%02$17/$19} )
32.Red1 Ke6 {
 Une faute. Les noirs ont certes un avantage matériel, dû surtout à la paire de
fous, mais il n'est pas très grand, alors, il ne faut rien lacher...}
33.R1d6+ Kf5 34.R8d7 Rxd7 35.Rxd7 Bc8 36.Rxh7 {
 Maintenant, grâce à la position active de leur tour, qui vient de gober un
pion, les blancs ont l'avantage. De plus, la structure des pions noirs est dégradée.}
Bd2 37.Rc7 Be6 38.Rxc5 {Cette tour blanche est un vrai poison. Maintenant, les noirs sont en grande difficulté!}
Bf7 39.Ke2 Bc1 40.Ra5 1-0

[Event "COUPE LIGUE 2007"]
[Site "?"]
[Date "????.??.??"]
[Round "3"]
[White "HERVET , Gilles"]
[Black "DEVECCHI , Jorge"]
[Result "1-0"]
[WhiteElo "2070"]
[BlackElo "1890"]
[Annotator ""]
[Source ""]
[Remark ""]

1.e4 e6 2.d4 d5 3.Nc3 Bb4 4.e5 c5 5.a3 Bxc3+ 6.bxc3 Ne7 7.Qg4
cxd4 8.Bd3 Qc7 9.Ne2 Nbc6 ( 9...dxc3 {ou Qxe5 donne un petit avantage aux noirs d'après Shredder.}
) 10.cxd4 Bd7 11.O-O Ng6 ( 11...O-O {est parfaitement jouable et meilleur}
) 12.h4 {Exploite sans attendre la mauvaise position du cavalier noir.}
h5 13.Qg3 Nce7 14.Bg5 {%08DA} Nf5 {Le coup perdant! Mais de toutes façons, les noirs n'ont que de mauvais coups à leur disposition. Par exemple:}
( 14...Rg8 ) ( 14...Ba4 {ne valent guère mieux.} ) 15.Bxf5 exf5
{ Et voilà le travail. Les noirs perdent une pièce et peuvent abandonner}
16.e6 Qxg3 17.exd7+ Kxd7 18.fxg3 {Inutile de continuer.} 1-0

[Event "Breizh Féminin 2007"]
[Site "?"]
[Date "2007.02.16"]
[Round "1"]
[White "Benmesbah, Natacha"]
[Black "Greef, Melissa"]
[Result "1-0"]
[WhiteElo "2171"]
[BlackElo "1930"]
[Annotator ""]
[Source ""]
[Remark ""]

1.e4 c5 2.Nf3 e6 3.b3 Nc6 4.Bb2 a6 5.Nc3 b5 6.d4 cxd4 7.Nxd4
Qc7 8.Nxc6 dxc6 9.a4 Bb7 10.axb5 Rd8 11.Bd3 cxb5 12.O-O Nf6 13.Qe2
Bd6 14.h3 O-O 15.Nxb5 axb5 16.e5 Qc6 17.Qf3 Nd5 18.exd6 Nf4 19.Bxb5
Nxh3+ 20.Qxh3 Qxb5 21.Ra4 Ra8 22.Qg4 e5 23.Rb4 Qc6 24.Bxe5 f6
25.Rc4 Qxg2+ 26.Qxg2 Bxg2 27.Kxg2 fxe5 28.Rd1 Rad8 29.d7 Kf7
30.Rc7 Ke6 31.c4 Rf7 32.Rc6+ Ke7 33.Rcd6 Rf6 34.R6d5 Re6 35.c5
e4 36.b4 Rg6+ 37.Kf1 e3 38.fxe3 Rf8+ 39.Ke2 Kd8 40.Ra1 Kc7 41.b5
Rg2+ 42.Kd3 Rb2 43.b6+ Kc6 44.d8Q 1-0

[Event "Breizh Féminin 2007"]
[Site "?"]
[Date "2007.02.18"]
[Round "3"]
[White "Le Diouron,  Aurelie"]
[Black " Benmesbah,  Natacha"]
[Result "0-1"]
[WhiteElo "2021"]
[BlackElo "2179"]
[Annotator ""]
[Source ""]
[Remark ""]

1.d4 Nf6 2.c4 c5 3.d5 e6 4.Nc3 exd5 5.cxd5 d6 6.e4 g6 7.f4 Bg7
8.Bb5+ Nbd7 9.e5 dxe5 10.fxe5 Nh5 11.e6 Qh4+ 12.g3 Nxg3 13.hxg3
Qxh1 14.Be3 Bxc3+ 15.bxc3 Qe4 16.Qf3 Qxf3 17.Nxf3 fxe6 18.dxe6
O-O 19.exd7 Bxd7 20.Bxd7 Rxf3 21.Bxc5 Rd8 22.Be6+ Kg7 23.Bd4+
Rxd4 24.Ke2 Rdd3 0-1

[Event "Breizh Féminin 2007"]
[Site "?"]
[Date "2007.02.21"]
[Round "6"]
[White "Benmesbah, Natacha"]
[Black "Choisy, Mathilde"]
[Result "0-1"]
[WhiteElo "2179"]
[BlackElo "2079"]
[Annotator ""]
[Source ""]
[Remark ""]

1.e4 c5 2.Nf3 Nc6 3.d4 cxd4 4.Nxd4 e6 5.Nc3 a6 6.Be3 Nf6 7.Be2
d6 8.O-O Be7 9.f4 O-O 10.Qe1 Bd7 11.Rd1 Qc7 12.Qg3 Nxd4 13.Bxd4
b5 14.e5 dxe5 15.fxe5 Nd5 16.Ne4 f5 17.exf6 Qxg3 18.f7+ Rxf7
19.Nxg3 Rc8 20.c3 Rxf1+ 21.Rxf1 Nf6 22.Bf3 Bc6 23.Bxc6 Rxc6 24.Re1
Kf7 25.Ne4 Nxe4 26.Rxe4 Bc5 27.Kf2 Bxd4+ 28.Rxd4 Kf6 29.Ke3 Rc5
30.a4 Rg5 31.axb5 Rxb5 32.b4 a5 33.Rf4+ Ke7 34.Kd3 axb4 35.cxb4
Rg5 36.Rf2 Kd6 37.Kc4 h5 38.Rb2 Rg4+ 39.Kb5 e5 40.Ka6 e4 41.Rd2+
Ke5 42.h3 Rg6+ 43.Ka7 e3 44.Rb2 Kd4 45.b5 Re6 46.Rb1 e2 47.Re1
Kd3 48.b6 Kd2 49.Rxe2+ Kxe2 50.b7 Re8 51.b8Q Rxb8 52.Kxb8 h4 0-1

[Event "Breizh Féminin 2007"]
[Site "?"]
[Date "2007.02.22"]
[Round "7"]
[White "Chulivska, Vita"]
[Black "Benmesbah, Naracha"]
[Result "1-0"]
[WhiteElo "2208"]
[BlackElo "2179"]
[Annotator ""]
[Source ""]
[Remark ""]

1.e4 c5 2.Nf3 d6 3.d4 cxd4 4.Nxd4 Nf6 5.Nc3 g6 6.Be3 Bg7 7.f3
O-O 8.Qd2 Nc6 9.Bc4 Bd7 10.O-O-O Rc8 11.Bb3 Ne5 12.Kb1 Re8 13.g4
a5 14.g5 Nh5 15.f4 Ng4 ( 15...Nc4 ) ( 15...Nc6 {étaient meilleurs} )
16.Bg1 e5 17.Ndb5 exf4 18.Bxf7+ Kxf7 19.Nxd6+ Kg8 20.Nxc8 Qxc8
21.Qxd7 Qxd7 22.Rxd7 Bxc3 23.bxc3 f3 {Le seul espoir de contre-jeu.}
24.Bc5 Re5 25.Rd5 Rxe4 26.Rd8+ Kg7 27.Rhd1 Ne5 28.Re8 {Le réseau de mat est en place.}
Kf7 29.Re7+ 1-0

[Event "Breizh Féminin 2007"]
[Site "?"]
[Date "2007.02.24"]
[Round "9"]
[White "Andersson, Christin"]
[Black "Benmesbah, Natacha"]
[Result "0-1"]
[WhiteElo "2225"]
[BlackElo "2179"]
[Annotator ""]
[Source ""]
[Remark ""]

1.e4 c5 2.c3 g6 3.Nf3 d6 4.d4 Nf6 5.dxc5 Nc6 6.cxd6 Nxe4 7.Bd3
Nxd6 8.O-O Bg7 9.b3 O-O 10.Bb2 Nb4 11.Na3 Nxd3 12.Qxd3 Nf5 13.Qe2
b6 14.Nc2 Bb7 15.Ne3 Qc8 16.Rfe1 Nxe3 17.Qxe3 Qg4 18.h3 Qf5 19.Nd4
Qd5 20.Nf3 Qh5 21.Ne5 Rad8 22.c4 Rd6 23.f4 Rfd8 {%08DA} 24.Nxf7
{La suédoise se lance dans un sacrifice assez spéculatif. Mais allez, roule ma poule !}
Bxb2 25.Nxd6 exd6 26.Qe7 Qc5+ 27.Kh2 Qc8 28.Rab1 Bg7 29.Rbd1
d5 30.cxd5 Rxd5 31.Rxd5 Bxd5 {Avec sa belle paire de fous , Natacha peut voir venir, et et esoérer empocher le pont.}
32.Rd1 Bf8 33.Qxa7 Bxg2 34.Qxb6 Qxh3+ {Le rêve , le point entier est dans la poche pour Natacha. ^013^010
}
{Une belle partie!} 35.Kg1 Qg4 36.Rd8 Bf3+ 37.Kf2 Qg2+ 38.Ke3
Qg1+ 0-1

[Event "Ouest Toulousain 2007"]
[Site "?"]
[Date "2007.02.19"]
[Round "1.1"]
[White "Kirk, Jason"]
[Black "Prié, Eric"]
[Result "0-1"]
[WhiteElo "1846"]
[BlackElo "2516"]
[Annotator ""]
[Source ""]
[Remark ""]

{LE BOULET EST PASSE PRES} 1.Nf3 d5 2.c4 c6 3.d4 Nf6 4.Nc3 a6
5.e3 b5 6.cxd5 cxd5 7.a3 e6 8.Bd3 Bb7 9.O-O Nbd7 10.Qe2 Rc8 11.Ne5
Bd6 12.f4 O-O 13.Rf3 Ne4 14.Bxe4 dxe4 15.Rh3 f5 16.Bd2 Nf6 17.Be1
Qe8 18.Rd1 Rc7 19.Qf2 g6 20.Ne2 Bd5 21.Bc3 Qe7 22.Qg3 Qg7 23.Qe1
Rfc8 24.Ba5 Rc2 25.Bc3 Bb3 26.Rd2 Nd5 27.Rxc2 Bxc2 28.Qd2 Nxc3
29.Nxc3 Bb3 30.Qe2 {%08DA} Bxa3 {Un GMI qui se respecte ne laisse pas passer un tel coup. Et sans réfléchir longtemps, je pense.}
31.bxa3 Rxc3 32.Qe1 Qc7 33.Qh4 Rc1+ 34.Kf2 Rc2+ 35.Kg1 Ra2 {Il semble que le GMI joue un peu légèrement en retirant la tour de la colonne "c". En jouant}
( 35...Bd5 {par exemple, il avait un avantage sans doute décisif.} )
36.Nc6 {%09DB} Bd5 {La tour sur la colonne "c" manque cruellement.}
37.Ne7+ Kf8 {%08DA} 38.Nxg6+ ( 38.Qf6+ {%05Les blancs se fourvoient. Ils avaient une suite gagnante:}
Ke8 39.Nc6 {
 Le coup qu'il fallait trouver. Il bouche la colonne "c" évitant le mat. Mais ,
avec un peu de temps il me semble qu'il n'était pas très difficile à trouver.}
Kd7 ( 39...Qxc6 40.Qh8+ Kd7 41.Rxh7+ Kd6 42.Qe5# ) 40.Rxh7+ Kxc6
41.Rxc7+ Kxc7 42.Qe7+ Kb6 ) Ke8 {%08DA} 39.Qe1 {Evite le mat mais pas la perte de la partie.}
Qc2 {Moralité: A dire aux enfants et surtout à leurs parents: Les echecs sont une
belle école de modestie et de sérieux. Même avec un niveau infiniment
supérieur, le GMI qui joue de façon assez légère ou avec un peu d'inattention peut se faire corriger.}
 0-1

[Event "Nationale IV"]
[Site "?"]
[Date "2007.??.??"]
[Round "1"]
[White "POUVREAU, David"]
[Black "TARAYRE, Pascal"]
[Result "1/2-1/2"]
[WhiteElo "2030"]
[BlackElo "1855"]
[Annotator ""]
[Source ""]
[Remark ""]

{LE MAT, C'EST MIEUX} 1.d4 Nf6 2.c4 g6 3.Nc3 Bg7 4.e4 d6 5.f4
O-O 6.Nf3 Bg4 7.Be2 c5 8.d5 Bxf3 9.Bxf3 Nbd7 10.O-O Rb8 11.Re1
Ne8 12.Qd3 a6 13.a4 Bd4+ 14.Be3 Bxe3+ 15.Rxe3 Qa5 16.e5 Qb4 17.Qe2
Nb6 18.a5 Nxc4 19.Ra4 Qxb2 20.Rxc4 Qa1+ 21.Qe1 Qxa5 22.Ra4 Qb6
23.exd6 exd6 24.Ne4 Qd8 25.Qa1 f6 26.f5 Nc7 27.fxg6 hxg6 28.Ng3
b5 29.Rg4 Kf7 30.Rf4 b4 31.Bg4 b3 32.Be6+ Kg7 {
 Dans la position donnée par le diagramme, le trait est aux blancs. Il est
évident que ceux-ci ont une grande supériorité. Mais ils se mirent  subitement
à jouer "en défense", et la partie se termina par la nulle! ^013^010
}
{ Les blancs ont un mat en trois! A vous de le trouver, sans l'aide de Fritz et autres joujous électroniques!}
{%08DA} 33.Qb2 Re8 34.Rxb3 Rxb3 35.Qxb3 Nb5 36.Ne4 Nd4 37.Qb7+
Re7 38.Qxa6 Nxe6 39.dxe6 Rxe6 40.Nxc5 Re1+ 41.Kf2 Qe7 42.Re4
Rxe4 43.Nxe4 Qxe4 44.Qxd6 {Partie David Pouvreau - Pascal Tarayre du match de N4 - R5: Condom 3 / Tournefeuille2}
 1/2-1/2

[Event "N4 Rodez / Ramonville"]
[Site "?"]
[Date "2007.02.11"]
[Round "?"]
[White "NGHIEM, Luat"]
[Black "HUCHET, François"]
[Result "0-1"]
[WhiteElo "2040"]
[BlackElo "2070"]
[Annotator ""]
[Source ""]
[Remark ""]

1.e4 c5 2.Nf3 e6 3.d4 cxd4 4.Nxd4 Nc6 5.Nc3 d6 6.Be3 Nf6 7.Be2
Be7 8.O-O O-O 9.Qd2 Qc7 10.f4 a6 11.Bf3 Bd7 12.Qf2 Rab8 13.Kh1
b5 14.Rad1 b4 15.Nce2 e5 16.Nxc6 Bxc6 17.Ng3 Rfd8 18.Rfe1 Qb7
19.Rd2 Rd7 20.Red1 Nxe4 21.Nxe4 Bxe4 22.fxe5 Bxf3 23.gxf3 Bh4
24.Qg2 Re8 25.Bh6 g6 26.Rxd6 {%05
 Les blancs viennent de jouer: 26.Rxd6. Leur position est meilleure, ils
peuvent prétendre au gain, avec beaucoup de patience et sans commettre de grosses fautes.}
{%08DA} Rxe5 {Une grosse faute qui normalement précipitait la perte de la partie.  Normalement ......}
( 26...Rc7 {les noirs pouvaient espérer s'en tirer (en comptant un peu sur leur adversaire).}
{%05En jouant par exemple:} ) 27.Qg4 {Sitôt faite la faute des noirs, voilà que les blancs en commettent une encore plus grande. Ils gagnaient la partie par:}
( 27.Rxd7 {%08DA} Qxd7 28.Rxd7 Re1+ 29.Qg1 {Le coup sans doute oublié par le bon docteur.}
{%08DA} Rxg1+ 30.Kxg1 ) Rxd6 28.Rxd6 f5 {%08DA} 29.Rxg6+ {Pour la deuxième fois, les blancs laissent échapper une facile victoire par:}
( 29.Qc4+ Qf7 30.Qxh4 ) hxg6 30.Qxg6+ Kh8 {Pas de mat! et une pièce de moins!}
31.Kg2 Qe7 32.Qh5 f4 0-1